00926 a2200181 45000010006000000050017000060080041000230030015000640400040000790800095001192450069002140200018002832640051003013000019003525050254003711000020006258560099006454746120260407155741.0260407a1976 arg spa dAR-UNSa-BCEJYS aAR-UNSa-BCEJYSbspacAR-UNSa-BCEJYS a330.8xHistoria de las teorías, Doctrinas, Dogmas económicos (pensamiento económico)10aEpistemica y economíapcrítica de las doctrinas económicas a84-375-0102-4 1aMéxico :bFondo de Cultura Económicac1976 a528 p.c21 cm. a1. Teoría económica y esquema de las cosas cabales - 2. El surgimiento del ideal racional - 3. La disolución del ideal racional - 4. Estática: El rechazo del tiempo - 5. Diacronismo: El artificio del tiempo - 6. Epistémica y axiomática. 1 aShackle, G.L.S.41uhttps://www.biblioeco.unsa.edu.ar/pmb/images/libros/L127508.jpgyImagen de portadaqimage/jpeg